Bharatar itihas (1200-1750) (Record no. 8927)

MARC details
000 -LEADER
fixed length control field 00617cam a2200229ua 4500
001 - CONTROL NUMBER
control field 9928
005 - DATE AND TIME OF LATEST TRANSACTION
control field 20260515114538.0
008 - FIXED-LENGTH DATA ELEMENTS--GENERAL INFORMATION
fixed length control field 161013n ii |||gr||||Z||||||asm
020 ## - INTERNATIONAL STANDARD BOOK NUMBER
International Standard Book Number 9789382750161
040 ## - CATALOGING SOURCE
Transcribing agency MAIN
041 ## - LANGUAGE CODE
Language code of text/sound track or separate title asm
082 ## - DEWEY DECIMAL CLASSIFICATION NUMBER
Classification number 954
100 ## - MAIN ENTRY--PERSONAL NAME
Personal name Hussain, Tasadduque Amanul,
Relator term Author.
245 ## - TITLE STATEMENT
Title Bharatar itihas (1200-1750)
Statement of responsibility, etc. By Tasadduque Amanul Hussain & Prafulla Kumar Baruah
250 ## - EDITION STATEMENT
Edition statement 1st ed.
260 ## - PUBLICATION, DISTRIBUTION, ETC.
Place of publication, distribution, etc. Dibrugarh:
Name of publisher, distributor, etc. Banalata,
Date of publication, distribution, etc. 2013.
300 ## - PHYSICAL DESCRIPTION
Extent 282p.
653 ## - INDEX TERM--UNCONTROLLED
Uncontrolled term South Asia India
653 ## - INDEX TERM--UNCONTROLLED
Uncontrolled term History of India
700 ## - ADDED ENTRY--PERSONAL NAME
Personal name Baruah, Prafulla Kumar,
Relator term Author.
942 ## - ADDED ENTRY ELEMENTS (KOHA)
Koha item type Books
Holdings
Withdrawn status Lost status Damaged status Not for loan Home library Current library Shelving location Date acquired Total checkouts Full call number Barcode Date last seen Date last checked out Copy number Price effective from Koha item type
        Naharkatiya College Library Naharkatiya College Library General stacks 09/19/2020 3 954History of India | HUS 23564 07/25/2022 07/21/2022 5 09/19/2020 Books
        Naharkatiya College Library Naharkatiya College Library General stacks 09/19/2020 1 954History of India | HUS 23565 11/09/2021 10/26/2021 4 09/19/2020 Books
        Naharkatiya College Library Naharkatiya College Library General stacks 09/19/2020 2 954History of India | HUS 23566 02/05/2024 01/25/2024 3 09/19/2020 Books
        Naharkatiya College Library Naharkatiya College Library General stacks 09/19/2020 2 954History of India | HUS 23567 03/21/2022 03/08/2022 2 09/19/2020 Books
        Naharkatiya College Library Naharkatiya College Library General stacks 09/19/2020 1 954History of India | HUS 23568 10/26/2021 10/25/2021 1 09/19/2020 Books